书目信息 |
| 题名: |
山水画起步
|
|
| 作者: | 徐英槐 | |
| 分册: | ||
| 出版信息: | 浙江少年儿童出版社 1994.12 |
|
| 页数: | 14页 | |
| 开本: | 16开 | |
| 丛书名: | ||
| 单 册: | ||
| 中图分类: | J211.26 | |
| 科图分类: | ||
| 主题词: | 绘画--技法(美术) | |
| 电子资源: | ||
| ISBN: | 978-7-5386-2277-5 | |
| 000 | 00515nam0 2200193 45 | |
| 001 | 0308271071 | |
| 005 | 20030827105707.9 | |
| 010 | @a978-7-5386-2277-5 | |
| 100 | @a20030827d1994 km y0chiy0120 ea | |
| 101 | @achi | |
| 105 | @a z 000yy | |
| 200 | 1 | @a山水画起步@Ashan shui hua qi bu@f徐英槐@Fxu ying huai |
| 210 | @c浙江少年儿童出版社@d1994.12 | |
| 215 | @a14页@c无图表@d16开 | |
| 606 | 0 | @a绘画@x技法(美术) |
| 690 | @aJ211.26@v3 | |
| 701 | 0 | @a徐英槐 |
| 801 | @aCN@b@c20030827 | |
| 905 | @aBZT@dJ211.26@e75 | |
| 山水画起步/徐英槐.-浙江少年儿童出版社,1994.12 |
| 14页:无图表;16开 |
| ISBN 978-7-5386-2277-5: |
| ● |
| 相关链接 |
|
|
|
正题名:山水画起步
索取号:J211.26/75
 
预约/预借
| 序号 | 登录号 | 条形码 | 馆藏地/架位号 | 状态 | 备注 |
| 1 | 102808 | 200056152 | 中心书库中库/ 中库017架B面2列6层23/ [索取号:J211.26/75] | 在馆 | |
| 2 | 102809 | 200056161 | 中心书库中库/ 中库016架B面6列4层57/ [索取号:J211.26/75] | 在馆 |